00000000nam##2200000za#4500
0019.616929
003CaOODSP
00520210615101847
007ta
008150406|2004||||xxc|||||     f|0| 0 eng|d
022 |a0706-6473
040 |aCaOODSP|beng
043 |an-cn---
0861 |aFs97-4/2670E
1101 |aCanada. |bDepartment of Fisheries and Oceans.
24513|aAn examination of recapture rates of Lingcod as a potential source of bias in recreational Catch Per Unit Effort (CPUE) / |cby J.R. King and D.R. Haggarty.
260 |bFisheries and Oceans Canada |c2004.
300 |av, 23p. : |bfigs., references, tables ; |c28 cm.
4901 |aCanadian manuscript report of fisheries and aquatic sciences|x0706-6473|v2670
500 |a"Fisheries and Oceans Canada, Science Branch, Stock Assessment Division, Nanaimo, British Columbia V9T 6N7".--Cover.
5203 |aThis report is part of a series that contains scientific and technical information that contributes to existing knowledge but deals with national or regional problems. They are distributed to institutions and individuals in the relevant areas of Canada. The subject matter reflects the interests and policies of the Department of Fisheries and Oceans.
546 |a(Résumés en français.)
563 |aSoftcover
590 |a04-26|b2004-06-25
7201 |aHaggarty, D.
7201 |aKing, J.
7760#|tAn examination of recapture rates of lingcod as a potential source of bias in recreational catch per unit effort (CPUE) / |w(CaOODSP)9.579975
830#0|aCanadian manuscript report of fisheries and aquatic sciences,|x0706-6473|v2670|w(CaOODSP)9.514688